Lưu lạc Tiểu thuyết bộ ba
Saved in:
| Main Author: | |
|---|---|
| Format: | Book |
| Language: | Vietnamese |
| Published: |
H.
Hội nhà văn
1996
|
| Subjects: | |
| Tags: |
Add Tag
No Tags, Be the first to tag this record!
|
| Institutions: | Mạng thư viện Đại học Đà Nẵng |
|---|
| LEADER | 00900nam a2200289 4500 | ||
|---|---|---|---|
| 001 | 000014690 | ||
| 003 | 11060 | ||
| 005 | 20120514080530.0 | ||
| 008 | 120514s1996 viesd | ||
| 020 | |c 0đ | ||
| 041 | 0 | |a vie | |
| 082 | |a 895.9223 |b ĐA-V | ||
| 100 | 0 | |a Đào Vũ | |
| 245 | 0 | |a Lưu lạc |b Tiểu thuyết bộ ba |c Đào Vũ | |
| 260 | |a H. |b Hội nhà văn |c 1996 | ||
| 300 | |a 430 tr. |c 19 cm | ||
| 653 | |a Tiểu thuyết | ||
| OWN | |a LSP | ||
| AVA | |a UDN50 |b LSP |d 895.9223 ĐA-V |e available |t Error 5001 Not defined in file expand_doc_bib_avail. |f 1 |g 0 |h N |i 0 |k 1 | ||
| 999 | |a From the UDN01 | ||
| AVA | |a UDN50 |b LSP |d 895.9223 ĐA-V |e available |t Error 5001 Not defined in file expand_doc_bib_avail. |f 1 |g 0 |h N |i 0 |k 1 | ||
| TYP | |a Monograph | ||
| TYP | |a Printed language | ||
| 980 | |a Mạng thư viện Đại học Đà Nẵng | ||